Derniers vainqueurs maillot blanc tour de France - Statistiques

Statistiques générales
  • Ce quiz a été pris 102 fois
  • Le résultat moyen est 10 sur 15
Statistiques - réponses
Hint Réponse % Correct
2022 Pogacar
95%
2021 Pogacar
95%
2020 Pogacar
95%
2019 Bernal
85%
2014 Pinot
79%
2015 Quintana
69%
2013 Quintana
69%
2018 Latour
64%
2010 Schleck
56%
2009 Schleck
56%
2008 Schleck
56%
2011 Rolland
46%
2016 Adam Yates
29%
2017 Simon Yates
28%
2012 Van Garderen
27%
Aucun quiz correspondant
Distribution des résultats
% des personnes avec chaque résultat
Percentile par nombre de réponses
Votre historique - résultats
Vous n’avez pas pris ce quiz